LEADER 01235nam0 2200337 450 001 000021438 005 20090703091848.0 010 $a88-15-09001-0 100 $a20080508d2002----km-y0itaa50------ba 101 0 $aita 102 $aIT 200 1 $aDegli archivi napolitani$estoria e tradizione$fStefano Palmieri 210 $a[Bologna]$c<> Mulino$d2002 215 $a654 p.$d24 cm. 300 $aNell'occhietto: Istituto Italiano per gli studi storici in Napoli 410 1$12001 606 1 $aArchivistica$xStudi$yNapoli 676 $a026.945731$v(21. ed.)$9Biblioteche, archivi, centri d'informazione dedicati alla storia di Napoli 700 1$aPalmieri,$bStefano$0315971 801 0$aIT$bUniversità della Basilicata - B.I.A.$gRICA$2unimarc 912 $a000021438 996 $aDegli archivi napolitani$988724 997 $aUNIBAS BAS $aLETTERE CAT $aSTD061$b01$c20080508$lBAS01$h1309 CAT $aMDL$b30$c20090703$lBAS01$h0850 CAT $aMDL$b30$c20090703$lBAS01$h0914 CAT $aMDL$b00$c20090703$lBAS01$h0915 CAT $aMDL$b30$c20090703$lBAS01$h0918 FMT Z30 -1$lBAS01$LBAS01$mBOOK$1BASA4$APolo di Matera$2DID$BDidattica$6106854$5L106854$820080508$f04$FPrestabile Didattica